|
|
|
|
| LEADER |
00000nam0a2200000 4500 |
| 001 |
5839 |
| 005 |
20231030175808.0 |
| 010 |
|
|
|a 573570141X
|
| 035 |
|
|
|a (RuTPU)RU\TPU\book\5868
|
| 035 |
|
|
|a BOOK00005920
|
| 090 |
|
|
|a 5839
|
| 100 |
|
|
|a 20011209d1997 km y0rusy50 ca
|
| 101 |
0 |
|
|a rus
|
| 102 |
|
|
|a RU
|
| 105 |
|
|
|a y z 000zy
|
| 200 |
1 |
|
|a Конституция Российской Федерации
|e Научно-практический комментарий
|f Под ред. Б. Н. Топорнина
|
| 210 |
|
|
|a Москва
|c Юристъ
|d 1997
|
| 215 |
|
|
|a 716 с.
|
| 225 |
1 |
|
|a Commentarium
|
| 610 |
1 |
|
|a право
|
| 610 |
1 |
|
|a государство и право
|
| 610 |
1 |
|
|a конституционное право
|
| 610 |
1 |
|
|a конституция
|
| 610 |
1 |
|
|a Российская Федерация
|
| 610 |
1 |
|
|a комментарий
|
| 686 |
|
|
|a Х620.12
|v LBC/SL-A
|2 rubbk
|
| 702 |
|
1 |
|a Топорнин
|b Б. Н.
|g Борис Николаевич
|4 340
|
| 801 |
|
0 |
|a RU
|b 63413507
|c 20011209
|g PSBO
|
| 801 |
|
2 |
|a RU
|b 63413507
|c 20200515
|g PSBO
|
| 900 |
|
|
|a Правоведение
|
| 942 |
|
|
|c BK
|